Гражданский кодекс Российской Федерации. Части первая, вторая, третья, четвертая

Detalles Bibliográficos
Summary:По состоянию на 1 февраля 2015 г.
Текст Кодекса сверен с официальным источником и приводится по состоянию на 1 октября 2014 года. Представленное вашему вниманию издание учитывает все изменения, внесенные опубликованными в официальных источниках федеральными законами. Текст статей приводится на дату, обозначенную на обложке данной книги (дата актуализации). Если есть изменения, вступающие в силу позднее, то вместе с редакцией нормы, действующей на эту дату, приводится норма в новой редакции и указывается дата, с которой она вступает в силу.
Idioma:ruso
Publicado: Москва, Проспект, 2015
Subjects:
Formato: MixedMaterials Libro
KOHA link:https://koha.lib.tpu.ru/cgi-bin/koha/opac-detail.pl?biblionumber=292984

MARC

LEADER 00000nam0a2200000 4500
001 292984
005 20231101001326.0
035 |a (RuTPU)RU\TPU\book\317761 
035 |a RU\TPU\book\277235 
035 |a RU\TPU\book\300616 
090 |a 292984 
100 |a 20141202d2015 k a0rusy50 ca 
101 0 |a rus 
102 |a RU 
105 |a y n 000zy 
200 1 |a Гражданский кодекс Российской Федерации. Части первая, вторая, третья, четвертая 
210 |a Москва  |c Проспект  |c КноРус  |d 2015 
215 |a 607 с. 
300 |a По состоянию на 1 февраля 2015 г.  
330 |a Текст Кодекса сверен с официальным источником и приводится по состоянию на 1 октября 2014 года. Представленное вашему вниманию издание учитывает все изменения, внесенные опубликованными в официальных источниках федеральными законами. Текст статей приводится на дату, обозначенную на обложке данной книги (дата актуализации). Если есть изменения, вступающие в силу позднее, то вместе с редакцией нормы, действующей на эту дату, приводится норма в новой редакции и указывается дата, с которой она вступает в силу. 
606 1 |a Гражданский кодекс РФ  |2 stltpush  |3 (RuTPU)RU\TPU\subj\8511 
610 1 |a право 
610 1 |a гражданское право 
610 1 |a гражданское законодательство 
610 1 |a гражданские права 
610 1 |a гражданские правоотношения 
610 1 |a хозяйственное право 
610 1 |a собственность 
610 1 |a вещные права 
610 1 |a обязательственное право 
610 1 |a сделки 
610 1 |a договорное право 
610 1 |a наследственное право 
610 1 |a авторское право 
610 1 |a патентное право 
686 |a Х623.0-3  |v LBC/SL-A  |2 rubbk 
801 1 |a RU  |b 63413507  |c 20150428 
801 2 |a RU  |b 63413507  |c 20200922  |g RCR 
900 |a Гражданское право 
942 |c BK 
959 |a 60/20150427  |d 5  |e 98,90  |f ЧЗГЛ:1  |f УФ:4